Management of accelerated low water corrosion in steel maritime structures (Record no. 104844)

MARC details
000 -LEADER
fixed length control field 01588cam a2200301 4500
001 - CONTROL NUMBER
control field ##L131807
008 - FIXED-LENGTH DATA ELEMENTS--GENERAL INFORMATION
fixed length control field 051209n2005 000 0 eng u
020 ## - INTERNATIONAL STANDARD BOOK NUMBER
International Standard Book Number 0860176347
035 ## - SYSTEM CONTROL NUMBER
System control number (Sirsi) u131807
041 0# - LANGUAGE CODE
Language code of text/sound track or separate title eng
050 04 - LIBRARY OF CONGRESS CALL NUMBER
Classification number 691.7 1123 $2 18
100 1# - MAIN ENTRY--PERSONAL NAME
Personal name Breakell, J. E.
245 00 - TITLE STATEMENT
Title Management of accelerated low water corrosion in steel maritime structures
260 ## - PUBLICATION, DISTRIBUTION, ETC.
Place of publication, distribution, etc. London
Name of publisher, distributor, etc. CIRIA
Date of publication, distribution, etc. 2005
300 ## - PHYSICAL DESCRIPTION
Extent 220p
Other physical details ill, tables, diagrams, maps
Dimensions 30cm
490 #0 - SERIES STATEMENT
Series statement CIRIA
Volume/sequential designation (C634)
505 2# - FORMATTED CONTENTS NOTE
Formatted contents note Introduction - background to ALWC - geographic distribution of ALWC - asset management for ALWC - condition appraisal - repair and protection - monitoring of performance of preventative, remedial and strengthening measures - ALWC project procurement and management - areas requiring further research - recommendations for good practice.
520 ## - SUMMARY, ETC.
Summary, etc. A comprehensive guide to the management, condition appraisal, repair, protection and monitoring of ALWC, an aggressive and localised form of low water corrosion that can occur in tidal and brackish waters on steel maritime structures. Based on a detailed review of published literature and infrastructure owners procedures, consultation with experts and practioners, and case studies demonstrating good practice.
650 24 - SUBJECT ADDED ENTRY--TOPICAL TERM
Topical term or geographic name entry element ACCELERATED LOW WATER CORROSION
690 ## - LOCAL SUBJECT ADDED ENTRY--TOPICAL TERM (OCLC, RLIN)
Topical term or geographic name as entry element BUILT ENVIRONMENT-BUILDING PATHOLOGY-DAMP AND WATER INGRESS-CORROSION
700 1# - ADDED ENTRY--PERSONAL NAME
Personal name Siegwart, M.
700 1# - ADDED ENTRY--PERSONAL NAME
Personal name Foster, K.
700 1# - ADDED ENTRY--PERSONAL NAME
Personal name Marshall, D.
700 1# - ADDED ENTRY--PERSONAL NAME
Personal name Hodgson, M.
700 1# - ADDED ENTRY--PERSONAL NAME
Personal name Cottis, R.
700 1# - ADDED ENTRY--PERSONAL NAME
Personal name Lyon, S.
942 ## - ADDED ENTRY ELEMENTS (KOHA)
Suppress in OPAC 0
Holdings
Withdrawn status Lost status Source of classification or shelving scheme Damaged status Not for loan Home library Current library Shelving location Date acquired Total Checkouts Full call number Barcode Date last seen Copy number Price effective from Koha item type
    Dewey Decimal Classification     London London Books 09/12/2005   F691.7 1123 BRE 30061298 06/08/2019 1 06/08/2019 Book